| 000 | 00359nam a2200133Ia 4500 | ||
|---|---|---|---|
| 008 | 240624s9999 xx 000 0 und d | ||
| 041 | _aeng | ||
| 082 | _a658.4220971 LEB | ||
| 100 | _aLEBLANC RICHARD | ||
| 245 | _aINSIDE THE BOARDROOM HOW BOARDS REALLY W | ||
| 260 |
_c2005 _aCanada _bJohn Wiley & Sons |
||
| 300 | _axxi, : 314 : p. : cm. ; 23 | ||
| 365 |
_c _b27 |
||
| 999 |
_c4666 _d4666 |
||